Program Vieme, že...

Bibliographic Details
Main Author: Zelina, Miron, 1940- (Author)
Format: Article
Language:Slovak
ISSN:1336-3689
Subjects:

MARC

LEADER 00000nab a2200000 ar4500
001 vtls008981656
003 SK-MaSNL
005 20260303065151.0
008 070417c2006 xo qr|p|||a |000 b|slo
015 |a SNBRB2007/04 
038 |a SPK 
040 |a SPKCL  |b slo  |c 1997  |e AACR2 
041 0 |a slo  |b slo 
044 |a xo  |c SK 
072 7 |a 376  |x Výchova a vzdelávanie zvláštnych skupín osôb  |2 konspekt 
080 |a 376.5.001.12  |2 UDC-MRF-SK2 
100 1 |a Zelina, Miron,  |d 1940-  |4 aut  |9 98638 
245 1 0 |a Program Vieme, že...  |c Miron Zelina 
546 |a Res. slov. 
650 0 7 |a sociálnopatologické javy  |2 snkbucl  |9 621026 
650 0 7 |a programy  |2 snkbucl  |9 3873 
773 0 |t Prevencia : informačný bulletin zameraný na prevenciu sociálno-patologických javov v rezorte školstva  |g Roč. V, č. 3 (2006), s. 50-54  |x 1336-3689 
852 |a SPK  |b KIS3GCP 
999 |c 1750107  |d 1752037